Direct and Indirect taxes (vol-1) A.Y.2009-10 (Record no. 891597)

MARC details
000 -LEADER
fixed length control field 00368nam a2200145Ia 4500
008 - FIXED-LENGTH DATA ELEMENTS--GENERAL INFORMATION
fixed length control field 231011s9999 xx 000 0 und d
041 ## - LANGUAGE CODE
Language code of text/sound track or separate title eng
082 ## - DEWEY DECIMAL CLASSIFICATION NUMBER
Classification number 336.27
100 ## - MAIN ENTRY--PERSONAL NAME
Personal name Singavi Vijay/ Chopde L.N.
245 ## - TITLE STATEMENT
Title Direct and Indirect taxes (vol-1) A.Y.2009-10
250 ## - EDITION STATEMENT
Edition statement 1st
260 ## - PUBLICATION, DISTRIBUTION, ETC.
Name of publisher, distributor, etc. Sheth Pubs Pvt Ltd,Mumbai -
Date of publication, distribution, etc. 2009
300 ## - PHYSICAL DESCRIPTION
Extent 550
365 ## - TRADE PRICE
Price amount 261

No items available.